The Automative parts and components market in Greece.
| Format: | Book |
|---|---|
| Published: |
Rotterdam:
Centre for the Promotion of Imports from Developing Countries [CBI],
2006.
|
| Series: | CBI market survey
|
| Subjects: |
| LEADER | 00545cam a2200157 7i4500 | ||
|---|---|---|---|
| 001 | 0000021709 | ||
| 005 | 20081023090000.0 | ||
| 090 | 0 | 0 | |a P 629.287 |b AUO |
| 245 | 0 | 0 | |a The Automative parts and components market in Greece. |
| 260 | 0 | 0 | |a Rotterdam: |b Centre for the Promotion of Imports from Developing Countries [CBI], |c 2006. |
| 300 | # | # | |a 5 p. |
| 440 | 0 | 0 | |a CBI market survey |
| 650 | 0 | 0 | |a Automobile -- |x Markets -- |z Greece |
| 650 | 0 | 0 | |a Automotive parts -- |x Markets -- |z Greece |
| 651 | 0 | 0 | |a Greece |
| 999 | |a 0000021481 |b Book |c Book |e Business Information Centre | ||